000 00654nam a22002057a 4500
003 OSt
005 20251022025729.0
008 251022b |||||||| |||| 00| 0 eng d
040 _aDWCL-Main lib
_cOC
082 _aCirc. 629.04 U65t 2019
100 _aUpadhyay, A.K.
245 _aTransportation Engineering/
_cA.K. Upadhyay
260 _aNew Delhi :
_bS.K Katartia & Sons,
_cc2019.
300 _axiv, 455 pages :
_b illustration ;
_c24cm.
504 _aIncludes index
650 _a1. Transportation engineering
650 _a2. Transportation planning
650 _a3. Transportation-- Mathematical model
942 _2ddc
_cBK-CIRC
_kCirc.
_n0
999 _c5002
_d5002